书目信息 |
| 题名: |
语言能力及其分化
|
|
| 作者: | 于根元 , 夏中华 , 赵俐 著 | |
| 分册: | ||
| 出版信息: | 北京 北京广播学院出版社 2002.01 |
|
| 页数: | 284页 | |
| 开本: | 21cm | |
| 丛书名: | 汉语言文字学书系 | |
| 单 册: | ||
| 中图分类: | H0-05 | |
| 科图分类: | ||
| 主题词: | 语言哲学--yu yan zhe xue--研究 | |
| 电子资源: | ||
| ISBN: | 7-81085-102-0 | |
| 000 | 01130nam 2200289 450 | |
| 001 | 012008135509 | |
| 005 | 20080602120136.89 | |
| 010 | @a7-81085-102-0@dCNY18.00 | |
| 100 | @a20080602d2002 em y0chiy0120 ea | |
| 101 | 0 | @achi |
| 102 | @aCN@b110000 | |
| 105 | @ay z 000yy | |
| 106 | @ar | |
| 200 | 1 | @a语言能力及其分化@Ayu yan neng li ji qi fen hua@e第二轮语言哲学对话@f于根元, 夏中华, 赵俐等著@Fyu gen yuan,xia zhong hua,zhao li deng zhu |
| 210 | @a北京@c北京广播学院出版社@d2002.01 | |
| 215 | @a284页@d21cm | |
| 225 | 2 | @a汉语言文字学书系@Ahan yu yan wen zi xue shu xi |
| 330 | @a本书就语言能力、止语、语法和语言哲学、修辞和语言哲学、播音主持语言、网络语言和新词新语以及应用语言学的若干前言问题等十一个专题,展开讨论,结合理论与实践现状,深入探讨语言哲学。 | |
| 410 | 0 | @12001 @a汉语言文字学书系 |
| 517 | 1 | @a第二轮语言哲学对话@Adi er lun yu yan zhe xue dui hua |
| 606 | 0 | @a语言哲学@Ayu yan zhe xue@x研究 |
| 690 | @aH0-05@v4 | |
| 701 | 0 | @a于根元@Ayu gen yuan@4著 |
| 701 | 0 | @a夏中华@Axia zhong hua@4著 |
| 701 | 0 | @a赵俐@Azhao li@4著 |
| 801 | 0 | @aCN@bQSSK@c20080602 |
| 905 | @b721888-90@dH0-05@eY709@f3 | |
| 语言能力及其分化:第二轮语言哲学对话/于根元, 夏中华, 赵俐等著.-北京:北京广播学院出版社,2002.01 |
| 284页;21cm.-(汉语言文字学书系) |
| ISBN 7-81085-102-0:CNY18.00 |
| 本书就语言能力、止语、语法和语言哲学、修辞和语言哲学、播音主持语言、网络语言和新词新语以及应用语言学的若干前言问题等十一个专题,展开讨论,结合理论与实践现状,深入探讨语言哲学。 |
| ● |
| 相关链接 |
|
|
|
正题名:语言能力及其分化
索取号:H0-05/Y709
 
预约/预借
| 序号 | 登录号 | 条形码 | 馆藏地/架位号 | 状态 | 备注 |
| 1 | 721888 | 207218884 | 语言库209/209语言库 62排1列4层/ [索取号:H0-05/Y709] | 在馆 | |
| 2 | 721889 | 207218893 | 语言库209/209语言库 62排1列4层/ [索取号:H0-05/Y709] | 在馆 | |
| 3 | 721890 | 207218900 | 语言库209/209语言库 62排1列4层/ [索取号:H0-05/Y709] | 在馆 |